000 00324nam a2200157Ia 4500
100 _aNeuman/R.P
250 _a2
942 _cBK
366 _f15
654 _ainstrument
245 _aInstrument tranducers
260 _bOxford university press
_c2003
082 _a621.314
_bNEU
300 _a348
546 _aENGLISH
999 _c27382
_d27382